Clinical cardiology / (Record no. 8262)

MARC details
000 -LEADER
fixed length control field 00798pam a2200277 a 4500
001 - CONTROL NUMBER
control field 4816915
003 - CONTROL NUMBER IDENTIFIER
control field OSt
005 - DATE AND TIME OF LATEST TRANSACTION
control field 20240117083642.0
008 - FIXED-LENGTH DATA ELEMENTS--GENERAL INFORMATION
fixed length control field 890608s1990 paua b 001 0 eng c
010 ## - LIBRARY OF CONGRESS CONTROL NUMBER
LC control number 89012512
020 ## - INTERNATIONAL STANDARD BOOK NUMBER
International Standard Book Number 0812112350
040 ## - CATALOGING SOURCE
Original cataloging agency DNLM/DLC
Transcribing agency DLC
Modifying agency DLC
050 00 - LIBRARY OF CONGRESS CALL NUMBER
Classification number RC681
Item number .G39 1990
060 ## - NATIONAL LIBRARY OF MEDICINE CALL NUMBER
Classification number WG 200 G289c
082 00 - DEWEY DECIMAL CLASSIFICATION NUMBER
Classification number WG200 G.258c 1990.
Edition number 20
100 1# - MAIN ENTRY--PERSONAL NAME
Personal name Gazes, Peter C.,
Dates associated with a name 1921-
9 (RLIN) 16890
245 10 - TITLE STATEMENT
Title Clinical cardiology /
Statement of responsibility, etc. Peter C. Gazes.
250 ## - EDITION STATEMENT
Edition statement 3rd ed.
260 ## - PUBLICATION, DISTRIBUTION, ETC. (IMPRINT)
Place of publication, distribution, etc. Philadelphia :
Name of publisher, distributor, etc. Lea & Febiger,
Date of publication, distribution, etc. 1990.
300 ## - PHYSICAL DESCRIPTION
Extent xviii, 594 p. :
Other physical details ill. ;
Dimensions 27 cm.
504 ## - BIBLIOGRAPHY, ETC. NOTE
Bibliography, etc Includes bibliographies and index.
650 #0 - SUBJECT ADDED ENTRY--TOPICAL TERM
Topical term or geographic name as entry element Cardiology.
9 (RLIN) 3034
650 #2 - SUBJECT ADDED ENTRY--TOPICAL TERM
Topical term or geographic name as entry element Heart Diseases.
9 (RLIN) 4845
906 ## - LOCAL DATA ELEMENT F, LDF (RLIN)
a 7
b cbc
c orignew
d 1
e ocip
f 19
g y-gencatlg
942 ## - ADDED ENTRY ELEMENTS (KOHA)
Source of classification or shelving scheme Other/Generic Classification Scheme
Koha item type Open Shelf
Holdings
Withdrawn status Lost status Source of classification or shelving scheme Damaged status Not for loan Home library Current library Date acquired Source of acquisition Inventory number Total Checkouts Full call number Barcode Date last seen Price effective from Koha item type
    Other/Generic Classification Scheme     MUST Main Library MUST Main Library 17/01/2024 Purchase 93/6822   WG200 G.258c 1990. 2024-0022 17/01/2024 17/01/2024 Open Shelf